01003cam a22002895a 4500999001700000001001000017003000900027005001700036008004100053020002500094040004100119082001900160100004000179245002800219264003700247300002700284336002600311337002800337338002700365650003400392650004800426651001000474653002600484655002400510942001200534952016700546 c22521d22493017717369EG-ScBUE20210130093729.0160118s2010 enka f 000 f eng d a9780142414330 (pbk.) aStDuBDSbengerdacStDuBDSdEG-ScBUE04a813.6bLAW2221 aLaw, Ingrid,d1970-eauthor.94146310aSavvy /cby Ingrid Law. 1aNew York :bPuffin Books,c2010. a342, 15 pages ;c20 cm 2rdacontentatextbtxt 2rdamediaaunmediatedbn 2rdacarrieravolumebnc 7aMagicvFiction.2BUEsh941464 7aBrothers and sistersvFiction.2BUEsh92862 2BUEsh bHHUUEENNcOctober2016 vReading book934232 2ddccBB 00102ddc40708BaccahaMAINbMAINc2NDd2016-10-12ePurchaseg81.00h24096l4m96o813.6 LAWp000033993r2025-10-28 00:00:00s2025-10-02v101.00w2016-10-12yBB